Rosco - Futbol #5 - Estadísticas

Estadísticas generales
  • Esta prueba ha sido intentada 990 veces
  • La puntuación promedio es 18 de 26
Estadísticas de respuestas
Letra Respuesta % Correcto
H Es el máximo goleador de la historia Tottenham Hotspur Harry Kane
89%
C Entrenador con mas Champions League ganadas Carlo Ancelotti
88%
B Mayor ídolo de Endrick Bobby Charlton
87%
G Selección de Pierre-Emerick Aubameyang Gabón
87%
L Actualmente, es jugador más joven en marcar gol en la liga española, con 16 años, 2 meses y 25 dias Lamine Yamal
87%
D Es el brasileño con más títulos en toda la historia Dani Alves
81%
M Jugador conocido por la frase: “Why always me?” Mario Balotelli
81%
V Arquero español que estuvo en el FC Barcelona desde 2002, hasta el 2015 Víctor Valdés
81%
F Equipo sudamericano que posee el plantel con mayor valor de mercado Flamengo
79%
R Método de golpear el balón, en el que la pierna que golpea la pelota pasa por detrás de la pierna que soporta todo el peso del cuerpo Rabona
79%
A Campeón de la UEFA Europa League en la temporada 2023/24 Atalanta
76%
O Es el estadio que alberga mayor capacidad de la Premier League Old Trafford
75%
Q Apodo del técnico español Enrique Setien Quique
75%
J Entrenador en ganar el primer “sextete” en la historia Josep Guardiola
72%
W Equipo en el que se encuentra actualmente Matheus Cunha Wolverhampton Wanderers
72%
S Estadio del Chelsea Stamford Bridge
68%
Z Apodo que se lo reconoce mundialmente al Leicester City (en español) Zorros
63%
T Equipo mexicano en ser finalista en la Copa Libertadores de América en el año 2015 Tigres UANL
62%
Y Selección que clasifico por primera vez a la Copa Asiatica del 2019 Yemen
58%
U Selección campeona de la Eurocopa en 1960 Unión Soviética
57%
P Primer equipo en ganar la Copa Libertadores Peñarol
50%
I Utiliza actualmente el dorsal ‘19’ en el Manchester City İlkay Gündoğan
43%
X Equipo español que jugo por primera vez en su historia en La Liga (Primera División Española), en la temporada 2010/11 Xerez
43%
N Jugador que reemplazo a Lionel Messi (por lesión), en la final de Copa América 2024, frente a Colombia Nicolás González
42%
E Según Pelé, fue el mejor defensor que enfrentó Elias Figueroa
33%
K Apodo del exjugador argentino Cristian Alberto González Kily
32%
No se encontraron pruebas coincidentes
Distribución de puntuación
Porcentaje de gente con cada puntuación
Porcentaje por número respondido
Historial de tus puntuaciones
No has intentado esta prueba.